Statistics for アメリカで一番教えられている言語

Click here to take the quiz!

General Stats

  • This quiz has been taken 3 times
  • The average score is 9 of 14

Answer Stats

言語 % Correct
スペイン語
100%
フランス語
100%
日本語
100%
中国語
100%
ロシア語
100%
ポルトガル語
100%
ドイツ語
67%
イタリア語
67%
ラテン語
67%
アラビア語
67%
古代ギリシャ語
33%
アメリカサインランゲージ
0%
聖書のヘブライ語
0%
現代ヘブライ語
0%

Score Distribution

Percentile by Number Answered

Percent of People with Each Score

Your Score History

You have not taken this quiz